Жизнь Ленина: повесть для детей

Bibliografiske detaljer
Hovedforfatter: Прилежаева М. П. Мария Павловна
Andre forfattere: Верейский О. Г. (иллюстратор)
Summary:Исключено из фонда НТБ ТПУ
Sprog:russisk
Udgivet: Москва, Политиздат, 1990
Format: MixedMaterials Bog
KOHA link:https://koha.lib.tpu.ru/cgi-bin/koha/opac-detail.pl?biblionumber=147726

MARC

LEADER 00000nam0a2200000 4500
001 147726
005 20231031145143.0
010 |a 5250007148 
020 |a RU  |b 89-15161 
035 |a (RuTPU)RU\TPU\book\160115 
035 |a RU\TPU\book\160108 
090 |a 147726 
100 |a 20081120d1990 d y0rusy5003 ca 
101 0 |a rus 
102 |a RU 
105 |a a z 000ab 
200 1 |a Жизнь Ленина  |e повесть для детей  |f М. П. Прилежаева  |g худож. О. Г. Верейский 
210 |a Москва  |c Политиздат  |d 1990 
215 |a 236 с.  |c ил.  |d 22 см 
333 |a Исключено из фонда НТБ ТПУ 
700 1 |a Прилежаева  |b М. П.  |g Мария Павловна  |4 070 
702 1 |a Верейский  |b О. Г.  |4 440 
801 0 |a RU  |b RuMRKP  |c 19950417  |g psbo 
801 1 |a RU  |b 63413507  |c 20081119  |g PSBO 
801 2 |a RU  |b 63413507  |c 20170516  |g PSBO 
942 |c BK